Colección legislativa de la República Oriental del Uruguay / (Record no. 185800)

MARC details
000 -LEADER
campo de control de longitud fija 00766nas a2200217 i 4500
001 - NÚMERO DE CONTROL
campo de control 185800
003 - IDENTIFICADOR DE NÚMERO DE CONTROL
campo de control ES-MaACL
005 - FECHA Y HORA DE LA ÚLTIMA TRANSACCIÓN
campo de control 20250809041830.0
008 - DATOS DE LONGITUD FIJA--INFORMACIÓN GENERAL
campo de control de longitud fija 160811d18761908uy | | ||pa d
022 ## - NÚMERO INTERNACIONAL NORMALIZADO PARA PUBLICACIONES SERIADAS
Número Internacional Normalizado para Publicaciones Seriadas 9962-3706
245 00 - MENCIÓN DEL TÍTULO
Título Colección legislativa de la República Oriental del Uruguay /
Mención de responsabilidad, etc. por Matías Alonso Criado ; [continuado por Emilio Alonso Martínez].
260 ## - PUBLICACIÓN, DISTRIBUCIÓN, ETC.
Lugar de publicación, distribución, etc. Montevideo :
Nombre del editor, distribuidor, etc. República Oriental del Uruguay,
Fecha de publicación, distribución, etc. [1876-1908] (
Fabricante Est. tipogr. de La Idea)
300 ## - DESCRIPCIÓN FÍSICA
Extensión 24 v. ;
Dimensiones 19 cm.
362 0# - FECHAS DE PUBLICACIÓN Y/O DESIGNACIÓN SECUENCIAL
Fecha de publicación y/o designación secuencial [1825/1852-1907]
650 #7 - PUNTO DE ACCESO ADICIONAL DE MATERIA--TÉRMINO DE MATERIA
Término de materia o nombre geográfico como elemento de entrada Derecho-
Subdivisión geográfica Uruguay
Fuente del encabezamiento o término
9 (RLIN) 160443
700 0# - ENTRADA AGREGADA--NOMBRE PERSONAL
Nombre de persona Alonso Criado, Matías.
9 (RLIN) 20281
700 1# - ENTRADA AGREGADA--NOMBRE PERSONAL
Nombre de persona Alonso Martínez, Emilio.
9 (RLIN) 160444
852 ## - LOCALIZACIÓN
Ubicación ES-MaACL
Número de control de estantería C-24196-219
866 #0 - MENCIÓN TEXTUAL DE FONDOS--UNIDAD BIBLIOGRÁFICA BÁSICA
Fondos 1825-1898.
Holdings
Estatus retirado Estado de pérdida Estado de daño No para préstamo Colección Biblioteca de origen Biblioteca actual Ubicación en estantería Fecha de adquisición Fuente de adquisición Total de préstamos Signatura topográfica completa Código de barras Visto por última vez Precio de reemplazo Tipo de ítem Koha
        Periódicos y Revistas Biblioteca del Ateneo de Madrid Biblioteca del Ateneo de Madrid Depósito 2 11/08/2016     C-24196-219 1195856 23/02/2023 23/02/2023 Revista